| 000 | 00549nam a2200169 i 4500 | ||
|---|---|---|---|
| 001 | 37228 | ||
| 003 | ES-MaACL | ||
| 005 | 20230906155529.0 | ||
| 007 | t| | ||
| 008 | 030220s1961 sp ||||1| spa d | ||
| 100 | 1 |
_aBustinduy Rodríguez, Pascual. _932905 |
|
| 245 | 1 | 0 |
_aTecnología de los conocimientos básicos de taller industrial / _cMarcial Bustunduy, José Ors. |
| 260 |
_aMadrid : _b[s.n., _c1961] ( _fAugustinus Langa y Cía) |
||
| 300 |
_a2 v. : _bil. ; _c22 cm. |
||
| 700 | 1 |
_aOrs, José. _987365 |
|
| 852 |
_aES-MaACL _jC-21308-9 _bR.49673 |
||
| 999 |
_c37228 _d37228 |
||